000 01129cam a2200289 4500
008 090401t1995 xxu||||| |||| 00| 0 eng d
020 _a0117531758
035 _a(Sirsi) u68565
041 _aeng
050 _a711.1
_c18
110 _aUnited Kingdom
_bDepartment of the Environment
_9982
245 _aMinerals planning guidance
_bEnvironment Act 1995 - review of mineral planning permissions.
260 _aLondon
_bHMSO
_c1995
300 _a78p.
_c30cm.
350 _a15
490 _aMPG
_v14
520 _aAdvice to mineral planning authorities and the minerals industry on the new requirements for the review and updating of old mineral planning permissions and the periodic review of all mineral permissions thereafter. View at www.planning.odpm.gov.uk.
650 _aENVIRONMENT ACT 1995
650 _aMINERAL PERMISSIONS
650 _aMINERALS PLANNING
650 _aMPG14
690 _aMINING AND MINERALS
710 _aUnited Kingdom
_bWelsh Office
_91214
856 _uhttps://www.communities.gov.uk/index.asp?id=1144276
_vView the guidance on the ODPM website...
942 _n0
948 _c04/03/1997
999 _c95122
_d95122